Prasklé zrcadlo /
Detektivní román, v němž slečna Marplová odhaluje pozadí záhadné vraždy.
Uloženo v:
| Série: | Slečna Marplová,
část 9 |
|---|---|
| Hlavní autor: | |
| Další autoři: | , , , |
| Médium: | E-audiokniha |
| Jazyk: | Czech |
| Vydáno: |
Praha :
Voxi,
[2022]
|
| Edice: | Společnost Agathy Christie
|
| Témata: | |
| Příbuzné jednotky: | Z cyklu::
Slečna Marplová |
| Tagy: |
Žádné tagy |
| LEADER | 04055nim a2200889 i 4500 | ||
|---|---|---|---|
| 001 | 313137 | ||
| 003 | CZ PrSKC | ||
| 005 | 20260601215736.0 | ||
| 007 | sd fungnnmmned | ||
| 008 | 221130t20222022xr nnnng f n cze | ||
| 015 | |a cnb003474612 | ||
| 024 | 3 | |a 8594050434851 | |
| 040 | |a ABA001 |b cze |e rda | ||
| 041 | 1 | |d cze |h eng | |
| 072 | 7 | |a 821.111-3 |x Anglická próza, anglicky psaná |2 Konspekt | |
| 080 | |a 821.111-31 |2 MRF | ||
| 080 | |a (0:82-312.4) |2 MRF | ||
| 080 | |a (086.7)08 |2 MRF | ||
| 080 | |a (086.76) |2 MRF | ||
| 100 | 1 | |a Christie, Agatha, |d 1890-1976 |7 jn19981000482 |4 aut | |
| 240 | 1 | 0 | |a Mirror crack'd from side to side. |l Česky |7 aun2012708118 |
| 245 | 1 | 0 | |a Prasklé zrcadlo / |c Agatha Christie ; překlad Lenka Uhlířová |
| 264 | 1 | |a Praha : |b Voxi, |c [2022] | |
| 264 | 4 | |c ©2022 | |
| 300 | |a 1 audiodisk (7 hod., 57 min.) ; |c 12 cm | ||
| 306 | |a 075700 | ||
| 336 | |a mluvené slovo |b spw |2 rdacontent | ||
| 337 | |a audio |b s |2 rdamedia | ||
| 338 | |a audiodisk |b sd |2 rdacarrier | ||
| 344 | |a digital |b optical |2 rda | ||
| 347 | |a audio soubor |b MP3 |2 rda | ||
| 490 | 1 | |a Společnost Agathy Christie | |
| 500 | |a Název z disku | ||
| 500 | |a Přeloženo z angličtiny | ||
| 500 | |a Copyright Albatros Media | ||
| 500 | |a Nezkrácená audiokniha ve formátu MP3 | ||
| 508 | |a Režie Daniel Tůma | ||
| 511 | 0 | |a Čtou Jitka Ježková a Růžena Merunková | |
| 520 | 2 | |a Detektivní román, v němž slečna Marplová odhaluje pozadí záhadné vraždy. |b Na dobročinném večírku známé filmové hvězdy dochází k podivné vraždě a v následujících dnech k řadě dalších. Případ je neřešitelný jak pro místní policii, tak i pro přivolaný Scotland Yard. Nenápadná a milá stará dáma však dokáže rozetnout předivo dávných i současných vazeb mezi zúčastněnými osobami a neomylně odhalí skutečného viníka. | |
| 655 | 7 | |a anglické romány |7 fd131814 |2 czenas | |
| 655 | 7 | |a detektivní romány |7 fd132010 |2 czenas | |
| 655 | 7 | |a audioknihy |7 fd119452 |2 czenas | |
| 655 | 7 | |a kompaktní disky |7 fd201991 |2 czenas | |
| 700 | 1 | |a Uhlířová, Lenka, |d 1973- |7 ola2007419161 |4 trl | |
| 700 | 1 | |a Tůma, Daniel, |d 1978- |7 xx0131764 |4 drt | |
| 700 | 1 | |a Ježková, Jitka, |d 1978- |7 jo2005274125 |4 nrt | |
| 700 | 1 | |a Merunková, Růžena, |d 1940- |7 jn19990209540 |4 nrt | |
| 787 | 0 | 8 | |i Z cyklu: |t Slečna Marplová |g 9 |
| 830 | 0 | |a Společnost Agathy Christie | |
| 900 | |a ABA001 |b 19 | ||
| 044 | |a xr | ||
| 505 | 0 | 0 | |t 01_Kapitola prvni (23 min., 2 sek.) |
| 505 | 0 | 0 | |t 02_Kapitola druha (14 min., 10 sek.) |
| 505 | 0 | 0 | |t 03_Kapitola treti (19 min., 56 sek.) |
| 505 | 0 | 0 | |t 04_Kapitola ctvrta (22 min., 13 sek.) |
| 505 | 0 | 0 | |t 05_Kapitola pata (18 min., 14 sek.) |
| 505 | 0 | 0 | |t 06_Kapitola sesta (24 min., 34 sek.) |
| 505 | 0 | 0 | |t 07_Kapitola sedma (13 min., 54 sek.) |
| 505 | 0 | 0 | |t 08_Kapitola osma (21 min., 53 sek.) |
| 505 | 0 | 0 | |t 09_Kapitola devata (27 min., 41 sek.) |
| 505 | 0 | 0 | |t 10_Kapitola desata (24 min., 21 sek.) |
| 505 | 0 | 0 | |t 11_Kapitola jedenacta (14 min., 48 sek.) |
| 505 | 0 | 0 | |t 12_Kapitola dvanacta (18 min., 57 sek.) |
| 505 | 0 | 0 | |t 13_Kapitola trinacta (33 min., 21 sek.) |
| 505 | 0 | 0 | |t 14_Kapitola ctrnacta (25 min., 41 sek.) |
| 505 | 0 | 0 | |t 15_Kapitola patnacta (29 min., 48 sek.) |
| 505 | 0 | 0 | |t 16_Kapitola sestnacta (24 min., 52 sek.) |
| 505 | 0 | 0 | |t 17_Kapitola sedmnacta (8 min., 27 sek.) |
| 505 | 0 | 0 | |t 18_Kapitola osmnacta (8 min., 27 sek.) |
| 505 | 0 | 0 | |t 19_Kapitola devatenacta (12 min., 44 sek.) |
| 505 | 0 | 0 | |t 20_Kapitola dvacata (11 min., 36 sek.) |
| 505 | 0 | 0 | |t 21_Kapitola dvacata prvni (25 min., 30 sek.) |
| 505 | 0 | 0 | |t 22_Kapitola dvacata druha (24 min., 32 sek.) |
| 505 | 0 | 0 | |t 23_Kapitola dvacata treti (28 min., 40 sek.) |
| 910 | |a RBIT002 | ||
| 998 | |d 362311 |a https://core.palmknihy.cz/api/books/362311/cover?skn9vv |b https://core.palmknihy.cz/api/books/362311/cover/400?skn9vv |c https://core.palmknihy.cz/api/books/362311/cover/50?skn9vv |e 2027-07-31 |i 8594050434851 |l 28620 |q 49 |r 1 |s https://www.palmknihy.cz/kniha/362311 |t audiobook |y 2022 |z 0 | ||
| 999 | |d 313135 | ||